Izolinie - Statystyki

Ogólne statystyki
  • Ten quiz został rozwiązany 6 razy
  • Średni wynik to 5 z 15
Statystyki odpowiedzi
Hint Odpowiedź % Poprawnych
jednakowe ciśnienie powietrza Izobara
100%
jednakowa suma opadów Izohieta
75%
jednakowa temperatura powietrza Izoterma
75%
jednakowa wartość usłonecznienia Izohela
50%
jednakowa odległość od elementów przedstawionych na mapie Ekwidystanta
25%
jednakowa głębokość akwenów Izobata
25%
jednoczesność występowania zjawiska w tym samym czasie np. gdzie dojadę pociągiem w czasie 5h Izochrona
25%
jednakowa gęstość zjawiska (najczęściej gęstość zaludnienia) Izodensa
25%
jednakowe zasolenie wody Izohalina
25%
wysokość terenu względem przyjętego poziomu odniesienia (najczęściej nad poziomem morza) Izohipsa
25%
jednakowa średnia wartość temperatury w zimie izochimena
0%
jednakowa grubość pokrywy śnieżnej Izochiona
0%
jednakowa wilgotność względna powietrza izohumida
0%
jednakowa prędkość (często wiatru) Izotacha
0%
jednakowa średnia wartość temperatury latem izotera
0%
Nie znaleziono quizów pasujących do podanych kryteriów
Rozkład punktacji
Procent ludzi z każdym wynikiem
Percentyl według liczby udzielonych odpowiedzi
Twoja historia wyników
Nie rozwiązałeś tego quizu